Service Design Capabilities (Record no. 22155)
[ view plain ]
| 000 -LEADER | |
|---|---|
| fixed length control field | 00861nam a2200121Ia 4500 |
| 008 - FIXED-LENGTH DATA ELEMENTS--GENERAL INFORMATION | |
| fixed length control field | 220620s9999||||xx |||||||||||||| ||und|| |
| 100 ## - MAIN ENTRY--PERSONAL NAME | |
| Personal name | Morelli, Nicola||de Götzen, Amalia||Simeone, Luca |
| 245 #0 - TITLE STATEMENT | |
| Title | Service Design Capabilities |
| 546 ## - LANGUAGE NOTE | |
| Language note | English[eng] |
| 650 ## - SUBJECT ADDED ENTRY--TOPICAL TERM | |
| Topical term or geographic name entry element | Innovation/Technology Management||Manufacturing, Machines, Tools, Processes||Services||Business and Management||Machines, Tools, Processes||Industries||service design||value creation interaction||value creation infrastructure||Service System Design||innovation||Design capabilities||open access||Research & development management||Industrial applications of scientific research & technological innovation||Production engineering||Hospitality & service industries |
| 856 ## - ELECTRONIC LOCATION AND ACCESS | |
| Uniform Resource Identifier | <a href="https://library.oapen.org/bitstream/20.500.12657/41749/1/2021_Book_ServiceDesignCapabilities.pdf">https://library.oapen.org/bitstream/20.500.12657/41749/1/2021_Book_ServiceDesignCapabilities.pdf</a> |
| 942 ## - ADDED ENTRY ELEMENTS (KOHA) | |
| Koha item type | E-Books |
| Withdrawn status | Lost status | Damaged status | Not for loan | Home library | Current library | Date acquired | Total Checkouts | Date last seen | Price effective from | Koha item type |
|---|---|---|---|---|---|---|---|---|---|---|
| Kerala University of Digital Sciences, Innovation and Technology Knowledge Centre | Kerala University of Digital Sciences, Innovation and Technology Knowledge Centre | 20/06/2022 | 20/06/2022 | 20/06/2022 | E-Books |